Vrstvy a povlaky 2014. Coatings and layers 2014 : Zborník prednášok. Rožnov pod Radhoštěm, 20.10.-21.10.2014

Salvato in:
Dettagli Bibliografici
Natura: Libro
Lingua:multilingua
Pubblicazione: Trenčín : Miloš Vavrík - Kníhviazačstvo, 2014
Soggetti:
Tags: Aggiungi Tag
Nessun Tag, puoi essere il primo ad aggiungerne!!

MARC

LEADER 00000nam a22000003a 4500
001 stu300374
005 20150408170323.4
008 141107s2014----xo------------------mul-d
020 |a 978-80-970824-3-7 
040 |a STU  |b slo 
041 0 |a mul 
044 |a xo 
245 |a Vrstvy a povlaky 2014. Coatings and layers 2014 :  |b Zborník prednášok. Rožnov pod Radhoštěm, 20.10.-21.10.2014 
260 |a Trenčín :  |b Miloš Vavrík - Kníhviazačstvo,  |c 2014 
300 |a 201 s 
650 7 |a vrstvy  |2 stusub 
650 7 |a povlaky  |2 stusub 
996 |b 284M086225  |c M*Z-4241  |l MMKN  |s A  |a 24  |w stu300374_0001 
996 |b 284M086226  |c M*Z-4242  |l MMKN  |s A  |a 24  |w stu300374_0002 
996 |b 284M086228  |c M*Z-4244  |l MMKN  |s A  |a 24  |w stu300374_0003 
996 |b 284M086227  |c M*Z-4243  |l MMKN  |s A  |a 24  |w stu300374_0004